00320 a2200109 4500001001000000005001700010008004100027245003500068100002500103773006500128999001700193ART_1291020260410161909.0260409a 10aCostos historicos por porcesos1 aCascarini, Daniel C.0 tCostos y gestióng- Año 13, Nº 53 (sep. 2004)wREV12786 c26671d26671